01089nam a2200241Ia 450000100060000000300090000600800410001504000130005604000130006904100130008210000240009510000290011924500580014824500580020625000110026426000090027526000080028426000490029230000430034150004080038465000240079265000310081615097IT-RoPAU130308s9999 xx 000 0 und d aIT-RoPAU cIT-RoPAU aITALIANO aBucciarelli Claudio gCodice Aut. SPICS: 8726 aSport come ideologia (Lo): alienazione o liberazione? bSport Come Ideologia (Lo): Alienazione o Liberazione? a1a ed. aROMA bAve c1974 [1° Ed.:1974 - Ed.Ling.Originale:1974] a"128 p. (prefazione: no ; testo: 128)" aSport e cambio Sociale sport Come veicolo ideologico sport fenomeno Sociale e Culturale sport e Società Analisi Critica Dello sport Come fenomeno Socio Economico sport e Socializzazione sport Come Servizio Sociale linee Educative per Un'Alternativa Sociale sport selettivo e sport Sociale sport di classe e sport di Popolo sport e gestione Sociale Bibliografia Sul Problema Socio Culturale Dello Sport aSAGGI DI SOCIOLOGIA eCodice materia Spics: 3657